Statistiques concernant Les 20 clubs de football les plus riches (2020)

Cliquez ici pour prendre le quiz!

Statistiques générales

  • Ce quiz a été pris 5 161 fois
  • Le résultat moyen est 15 sur 20

Statistiques - réponses

ClubRevenus (en €)% Correct
1erFC Barcelone841m
99%
5eParis Saint-Germain636m
99%
2eReal Madrid757m
99%
6eManchester City611m
98%
3eManchester United712m
97%
4eBayern Munich660m
94%
9eChelsea513m
91%
7eLiverpool605m
90%
10eJuventus460m
89%
14eInter Milan365m
88%
11eArsenal446m
85%
12eBorussia Dortmund377m
85%
13eAtlético de Madrid368m
76%
8eTottenham521m
71%
16eAS Rome231m
62%
20eNaples207m
61%
17eOlympique lyonnais221m
53%
18eWest Ham216m
31%
19eEverton213m
28%
15eSchalke 04325m
6%

Distribution des résultats

Percentile par nombre de réponses

% des personnes avec chaque résultat

Votre développement - résultats

Vous n’avez pas pris ce quiz